LEADER 02309oam 2200613I 450 001 9910455554703321 005 20200520144314.0 010 $a1-134-98529-0 010 $a1-280-33638-2 010 $a0-203-40209-X 010 $a0-203-33102-8 024 7 $a10.4324/9780203402092 035 $a(CKB)111056485508754 035 $a(EBL)166541 035 $a(OCoLC)567853751 035 $a(SSID)ssj0000162403 035 $a(PQKBManifestationID)11164615 035 $a(PQKBTitleCode)TC0000162403 035 $a(PQKBWorkID)10200454 035 $a(PQKB)11312092 035 $a(MiAaPQ)EBC166541 035 $a(Au-PeEL)EBL166541 035 $a(CaPaEBR)ebr10060924 035 $a(CaONFJC)MIL33638 035 $a(OCoLC)52081986 035 $a(EXLCZ)99111056485508754 100 $a20180331d1991 uy 0 101 0 $aeng 135 $aur|n|---||||| 181 $ctxt 182 $cc 183 $acr 200 10$aGermany, 1945-1949 $ea sourcebook /$fManfred Malzahn 210 1$aLondon ;$aNew York :$cRoutledge,$d1991. 215 $a1 online resource (254 p.) 300 $aDescription based upon print version of record. 311 $a1-138-00902-4 311 $a0-415-00840-9 320 $aIncludes bibliographical references and index. 327 $aBook Cover; Title; Contents; Preface; Acknowledgements; Notes on German political parties; The German question: history and semantics; 'Zero hour'; Partitions; Natives and aliens; Foundations of a 'new' society; Economic reorganisation; Homecomers and refugees; Transport and communication; The press; 'Low' culture; 'High' culture; Parties and trade unions; Index 330 $aContaining valuable documentation of these critical years of German history, this sourcebook rescues the period from the burden of selective hindsight and nostalgia that has obscured it. 607 $aGermany$xHistory 607 $aGermany$xHistory$y1945-1955$vSources 607 $aGermany (West)$xHistory$vSources 607 $aGermany (East)$xHistory$vSources 608 $aElectronic books. 676 $a943.087/4 700 $aMalzahn$b Manfred$f1955,$0895269 801 0$bFlBoTFG 801 1$bFlBoTFG 906 $aBOOK 912 $a9910455554703321 996 $aGermany, 1945-1949$92000154 997 $aUNINA LEADER 03553nam 2200637 450 001 9910788638203321 005 20220824060536.0 010 $a0-8218-9029-8 035 $a(CKB)3240000000070098 035 $a(EBL)3113413 035 $a(SSID)ssj0000700797 035 $a(PQKBManifestationID)11488712 035 $a(PQKBTitleCode)TC0000700797 035 $a(PQKBWorkID)10660393 035 $a(PQKB)10645965 035 $a(MiAaPQ)EBC3113413 035 $a(RPAM)17274967 035 $a(PPN)197102182 035 $a(EXLCZ)993240000000070098 100 $a20120427h20122012 uy| 0 101 0 $aeng 135 $aur|n|---||||| 181 $ctxt 182 $cc 183 $acr 200 00$aQuasiconformal mappings, Riemann surfaces, and Teichmuller spaces $eAMS special session in honor of Clifford J. Earle, October 2-3, 2010, Syracuse University, Syracuse, New York /$fYunping Jiang, Sudeb Mitra, editors 210 1$aProvidence, Rhode Island :$cAmerican Mathematical Society,$d[2012] 210 4$dİ2012 215 $a1 online resource (386 p.) 225 1 $aContemporary mathematics,$v575$x0271-4132 300 $aDescription based upon print version of record. 311 $a0-8218-5340-6 320 $aIncludes bibliographical references. 327 $aPreface -- Some remarks on singly degenerate Kleinian groups -- On a theorem of Kas and Schlessinger -- Conformally scattered sets in the unit circle -- Finiteness conditions on translation surfaces -- Holomorphic plumbing coordinates -- On Böttcher coordinates and quasiregular maps -- Discontinuity of asymptotic Teichmüller modular group -- Extremal annuli on the sphere -- Lifting free subgroups of (2,R) to free groups -- An introduction to Beauville surfaces via uniformization -- Symmetry and moduli spaces for Riemann surfaces -- Conformally natural extensions of continuous circle maps: I. The case when the pushforward measure has no atom -- Normal and quasinormal families of quasiregular mappings -- Symmetric invariant measures -- Douady-Earle section, holomorphic motions, and some applications -- Part 1. Applications of Douady-Earle section in holomorphic motions -- Part 2. Some applications of holomorphic motions in complex analysis -- Cook-hats and crowns -- On cohomology of Kleinian groups V: -groups -- Fundamental inequalities of Reich-Strebel and triangles in a Teichmüller space -- The Petersson series vanishes at infinity -- On fiber spaces over Teichmüller spaces -- On the number of holomorphic families of Riemann surfaces -- Veech groups of flat structures on Riemann surfaces -- On families of holomorphic differentials on degenerating annuli -- Transformations of spheres without the injectivity assumption. 410 0$aContemporary mathematics (American Mathematical Society).$v575$x0271-4132 517 1 $aTeichme?uller spaces 606 $aGeometric analysis 606 $aQuasiconformal mappings 606 $aRiemann surfaces 606 $aTeichmu?ller spaces 615 0$aGeometric analysis. 615 0$aQuasiconformal mappings. 615 0$aRiemann surfaces. 615 0$aTeichmu?ller spaces. 676 $a515/.93 702 $aJiang$b Yunping 702 $aMitra$b Sudeb 702 $aEarle$b Clifford J. 712 02$aAmerican Mathematical Society, 801 0$bMiAaPQ 801 1$bMiAaPQ 801 2$bMiAaPQ 906 $aBOOK 912 $a9910788638203321 996 $aQuasiconformal mappings, Riemann surfaces, and Teichmuller spaces$9241643 997 $aUNINA